Language in the Flag of world - Statistics

General Stats
  • This quiz has been taken 17 times
  • The average score is 17 of 20
Answer Stats
Language speech Countries % Correct
België Belgium
100%
Liberia Liberia
100%
Malaysia Malaysia
100%
Nederland Netherlands
100%
Suid-Afrika South africa
100%
Беларусь Belarus
93%
中国 China
93%
Soomaaliya Somalia
93%
Sverige Sweden
93%
台灣 Taiwan
93%
United states United states
93%
ישראל Israel
86%
Македонија Macedonia
86%
नेपाल Nepal
79%
ኢትዮጵያ Ethiopia
64%
المملكة العربية السعودية Saudi Arabia
64%
ประเทศไทย Thailand
64%
افغانستان Afghanistan
50%
ປະເທດລາວ Laos
50%
پاکستان Pakistan
50%
No matching quizzes found
Score Distribution
Percent of People with Each Score
Percentile by Number Answered
Your Score History
You have not taken this quiz